000 00308nam a2200133Ia 4500
008 221030s9999 xx 000 0 und d
041 _aEnglish
082 _a105.23
100 _aC. B. Mamoria
245 0 _aDynamics Of Industrial Relations
_cby C. B. Mamoria
260 _c0
650 _aMb
942 _cBK
999 _c10381
_d10381